Statistics for Winnie the Pooh Franchise

Click here to take the quiz!

General Stats

  • This quiz has been taken 20 times
  • The average score is 17 of 41

Answer Stats

Type Year Name Info % Correct
Book1926Winnie-the-PoohA.A. Milne
88%
Comic Strip1978-1988Winnie the PoohDon Ferguson
88%
Film1977The Many Adventures of Winnie the PoohDisney
75%
Film1997Pooh's Grand Adventure: The Search for Christopher RobinDisney
75%
Film2018Christopher RobinDisney
75%
Film2000The Tigger MovieDisney
63%
Film2003Piglet's Big MovieDisney
63%
Film1999Seasons of GivingDisney
50%
Film2001The Book of Pooh: Stories from the HeartDisney
50%
TV Show2001-2004The Book of PoohPlayhouse Disney
50%
Book1928The House at Pooh CornerA.A. Milne
50%
Film2005Pooh's Heffalump MovieDisney
50%
Video Game2003Piglet's Big GameDisney
38%
Film2004Springtime with RooDisney
38%
Short Film1966Winnie the Pooh and the Honey TreeDisney
38%
Film2005Pooh's Heffalump Halloween MovieDisney
38%
TV Show1988-1991The New Adventures of Winnie the PoohDisney Channel / ABC
38%
TV Show2007-2010My Friends Tigger & PoohPlayhouse Disney / Disney Junior
38%
Short Film1968Winnie the Pooh and the Blustery DayDisney
38%
Film2007Super Sleuth Christmas MovieDisney
25%
Film2002A Very Merry Pooh YearDisney
25%
Film2009Tigger & Pooh and a Musical TooDisney
25%
Film2010My Friends Tigger & Pooh: Super Duper Super SleuthsDisney
25%
Short Film1974Winnie the Pooh and Tigger TooDisney
25%
Video Game2000Tigger's Honey HuntDisney
25%
TV Special1999Winnie the Pooh: A Valentine for YouABC
25%
TV Special1998A Winnie the Pooh ThanksgivingABC
25%
Video Game1997Ready for Math with PoohDisney
25%
Video Game1997Ready to Read with PoohDisney
25%
TV Special1996Boo to You Too! Winnie the PoohABC
25%
TV Special1991Winnie the Pooh and Christmas TooABC
25%
Video Game1986Winnie the Pooh in the Hundred Acre WoodSierra On-Line
25%
TV Show1983-1986Welcome to Pooh CornerDisney Channel
25%
Short Film1983Winnie the Pooh and a Day for EeyoreDisney
25%
Short Film1981Winnie the Pooh Discovers the SeasonsDisney
25%
Theme Park Attraction2000-PresentPooh's Hunny HuntTokyo Disneyland
25%
Video Game2001Disney's Pooh's Party Game: In Search of the TreasureDisney
13%
Video Game2005Winnie the Pooh's Rumbly Tumbly AdventureUbisoft
13%
Video Game2008Winnie the Pooh's Home Run DerbyDisney
13%

Score Distribution

Percentile by Number Answered

Percent of People with Each Score

Your Score History

You have not taken this quiz